| STA | |a MIBE-2019 |
| STA | |a REPO-DTRA |
| FMT | BK |
| LDR | nam 22 i 4500 |
| 001 | 000469104 |
| 005 | 20200709104325.0 |
| 006 | m d |
| 007 | cr nuu---uuuuu |
| 008 | 190701s2019 sp a fs 000 0 eng d |
| 040 | |a ES-MaBBE |
| 084 | |a C32 |
| 084 | |a E32 |
| 084 | |a E52 |
| 084 | |a E62 |
| 098 | |a E5 |e Fluctuaciones y ciclos económicos |
| 098 | |a E3 |e Política monetaria |
| 098 | |a H1 |e Política fiscal |
| 1001 | |a Alloza, Mario |
| 24514 | |a Dynamic effects of persistent shocks |h [Recurso electrónico] / |c Mario Alloza, Jesús Gonzalo and Carlos Sanz. |
| 260 | |a Madrid : |b Banco de España, |c 2019. |
| 300 | |a 57 p. : |b fórmulas, gráficos. |
| 440 0 | |a Documentos de Trabajo / Banco de España |v 1944 |x 1579-8666 |
| 506 | |a Acceso público y gratuito a la versión electrónica en Internet |
| 5203 | |a We show that several shocks identified without restrictions from a model, and frequently used in the empirical literature, display some persistence. We demonstrate that the two leading methods to recover impulse responses to shocks (moving average representations and local projections) treat persistence differently, hence identifying different objects. In particular, standard local projections identify responses that include an effect due to the persistence of the shock, while moving average representations implicitly account for it. We propose methods to re-establish the equivalence between local projections and moving average representations. In particular, the inclusion of leads of the shock in local projections allows to control for its persistence and renders the resulting responses equivalent to those associated to counterfactual non-serially correlated shocks. We apply this method to well-known empirical work on fiscal and monetary policy and find that accounting for persistence has a sizable impact on the estimates of dynamic effects. [Resumen de autor] |9 [eng] |
| 65310 | |a Impulse response function |
| 65310 | |a Local projection |
| 65310 | |a Shock |
| 65310 | |a Fiscal policy |
| 65310 | |a Monetary policy |
| 7001 | |a Gonzalo, Jesús |
| 7001 | |a Sanz, Carlos |
| 7102 | |a Banco de España |
| 85641 | |u https://repositorio.bde.es/handle/123456789/10141 |x 6affe230-ab29-4df7-a1b4-c0151618379e |z Ver en el Repositorio Institucional |
| 035 | |a (OCoLC)1337663926 |z OCOLC1337663926 |
| TYP | |a Libro |
| TYP | |a Recurso electronico |
| TYP | |a EL |b Acceso |
| SYS | 000469104 |
2013 Banco de España, Madrid, España. Reservados todos los derechos
Basado en Ex Libris (© 2009 Ex Libris)